[Event "Junior Online 4NCL Division 4"]
[Site "online"]
[Date "2021.10.14"]
[EventDate "2021.10.14"]
[Round "5.263"]
[White "Ashcroft, Arthur"]
[WhiteElo "900"]
[WhiteTeam "JHJ Shark Tank 9"]
[Black "Dodhia, Saavir"]
[BlackElo "700"]
[BlackTeam "Edgware Gambits L"]
[Result "1-0"]
[PlyCount "65"]

1. e4 e5 2. Nf3 Nc6 3. Bc4 Nf6 4. d3 d6 5. Nc3 Bg4 6. h3 Bh5 7. g4 Bg6 8. Bg5 Be7 9. Qd2 O-O 10. O-O-O Nb4 11. a3 Nc6 12. h4 Nxg4 13. Bxe7 Nxe7 14. h5 Bxh5 15. Rxh5 Nf6 16. Rh2 Ng4 17. Rh4 Nf6 18. Rdh1 Ng6 19. R4h2 Ng4 20. Rxh7 Nf6 21. R7h2 Qd7 22. Nd5 a6 23. Rh6 Qg4 24. Nxf6+ gxf6 25. Nh4 Rfe8 26. Nxg6 Qg2 27. Qd1 Qxf2 28. Rh8+ Kg7 29. Rxe8 Rxe8 30. Nh4 Qg3 31. Nf5+ Kg6 32. Nxg3 c6 33. Qg4# 1-0

[Event "Junior Online 4NCL Division 4"]
[Site "online"]
[Date "2021.10.14"]
[EventDate "2021.10.14"]
[Round "5.264"]
[White "Patel, Felicity"]
[WhiteElo "400"]
[WhiteTeam "Edgware Gambits L"]
[Black "Hans-Jee, Sebastian"]
[BlackElo "812"]
[BlackTeam "JHJ Shark Tank 9"]
[Result "0-1"]
[PlyCount "34"]

1. d3 d5 2. Nc3 Nf6 3. Bg5 Nc6 4. Bxf6 exf6 5. e4 dxe4 6. dxe4 Qxd1+ 7. Rxd1 Bc5 8. Na4 b6 9. Bb5 Bb7 10. Bxc6+ Bxc6 11. Nxc5 bxc5 12. Rd6 Bxe4 13. Rd2 O-O 14. Rd5 Bxd5 15. Nh3 Rfe8+ 16. Kf1 Bc4+ 17. Kg1 Re1# 0-1

[Event "Junior Online 4NCL Division 4"]
[Site "online"]
[Date "2021.10.14"]
[EventDate "2021.10.14"]
[Round "5.265"]
[White "Zhu, Xiaocheng"]
[WhiteElo "736"]
[WhiteTeam "Edgware Gambits L"]
[Black "Broachi, Zain"]
[BlackElo "1082"]
[BlackTeam "JHJ Shark Tank 9"]
[Result "0-1"]
[PlyCount "104"]

1. e4 e5 2. Nf3 Nc6 3. Nc3 Nf6 4. Bb5 a6 5. Bxc6 dxc6 6. Nxe5 Bd6 7. Nf3 O-O 8. O-O Re8 9. Re1 Bg4 10. h3 Bh5 11. g4 Bg6 12. Nd4 Bxe4 13. Nxe4 Nxe4 14. d3 Qh4 15. dxe4 Qxh3 16. Re3 Qh2+ 17. Kf1 Qh1+ 18. Ke2 Qg2 19. Rd3 Rxe4+ 20. Kd2 Qxf2+ 21. Kc3 a5 22. Qh1 Bb4+ 23. Kb3 a4+ 24. Kxb4 Rxd4+ 25. Rxd4 Qxd4+ 26. Ka3 c5 27. c3 Qxg4 28. Qxb7 Rf8 29. Qxc7 Qc4 30. b3 Qxc3 31. Kxa4 Qxa1 32. Bf4 Qxa2+ 33. Kb5 Qxb3+ 34. Kxc5 Qc3+ 35. Kd6 Qb4+ 36. Qc5 Qxf4+ 37. Qe5 Qf6+ 38. Kd5 Rd8+ 39. Ke4 Qxe5+ 40. Kxe5 h5 41. Kf5 g6+ 42. Ke5 h4 43. Kf6 Rd5 44. Ke7 h3 45. Kf6 h2 46. Ke7 h1=Q 47. Kf6 Qf1+ 48. Ke7 Re5+ 49. Kd6 Qf6+ 50. Kd7 Qe7+ 51. Kc8 Rd5 52. Kb8 Rd8# 0-1

[Event "Junior Online 4NCL Division 4"]
[Site "online"]
[Date "2021.10.14"]
[EventDate "2021.10.14"]
[Round "5.266"]
[White "Bradshaw, Cleo"]
[WhiteElo "1042"]
[WhiteTeam "JHJ Shark Tank 9"]
[Black "Saurymper, Mylo"]
[BlackElo "700"]
[BlackTeam "Edgware Gambits L"]
[Result "1-0"]
[PlyCount "53"]

1. e4 e5 2. Nf3 Nc6 3. Bc4 Nh6 4. O-O Bc5 5. d3 O-O 6. Nc3 Bd4 7. Bg5 Ne7 8. Nxd4 exd4 9. Nd5 Re8 10. Nxe7+ Rxe7 11. Qh5 Qe8 12. Qh4 d6 13. Bxh6 gxh6 14. Qxh6 Qf8 15. Qg5+ Kh8 16. Qf6+ Kg8 17. c3 Qg7 18. Qxe7 dxc3 19. bxc3 Bg4 20. Rae1 Qxc3 21. Re3 Be2 22. Rxe2 c5 23. Re3 a6 24. Rg3+ Kh8 25. Qxf7 b5 26. Rg8+ Rxg8 27. Qxg8# 1-0

[Event "Junior Online 4NCL Division 4"]
[Site "online"]
[Date "2021.10.14"]
[EventDate "2021.10.14"]
[Round "5.267"]
[White "Dodhia, Saavir"]
[WhiteElo "700"]
[WhiteTeam "Edgware Gambits L"]
[Black "Ashcroft, Arthur"]
[BlackElo "900"]
[BlackTeam "JHJ Shark Tank 9"]
[Result "0-1"]
[PlyCount "30"]

1. e4 e5 2. Bc4 Nf6 3. Nf3 Nc6 4. O-O Bc5 5. d3 d6 6. Bg5 Bg4 7. Bb5 a6 8. Bxc6+ bxc6 9. Nc3 O-O 10. Qd2 Bxf3 11. Bxf6 Qxf6 12. Na4 Qg6 13. g3 Qe6 14. Qg5 Qh3 15. Rfe1 Qg2# 0-1

[Event "Junior Online 4NCL Division 4"]
[Site "online"]
[Date "2021.10.14"]
[EventDate "2021.10.14"]
[Round "5.268"]
[White "Hans-Jee, Sebastian"]
[WhiteElo "812"]
[WhiteTeam "JHJ Shark Tank 9"]
[Black "Patel, Felicity"]
[BlackElo "400"]
[BlackTeam "Edgware Gambits L"]
[Result "1-0"]
[PlyCount "27"]

1. e4 Nf6 2. Nc3 e5 3. Nf3 d6 4. Bc4 Be7 5. O-O O-O 6. d3 Bg4 7. Bg5 Bxf3 8. Qxf3 Nc6 9. Qg3 Na5 10. Bh6 Nh5 11. Nd5 Bf6 12. Nxf6+ Kh8 13. Nxh5 gxh6 14. Qg7# 1-0

[Event "Junior Online 4NCL Division 4"]
[Site "online"]
[Date "2021.10.14"]
[EventDate "2021.10.14"]
[Round "5.271"]
[White "Mupfiga, Thabiso"]
[WhiteElo "1100"]
[WhiteTeam "Leeds Juniors 5"]
[Black "Lewis, Tom"]
[BlackElo "900"]
[BlackTeam "Edgware Gambits I"]
[Result "1-0"]
[PlyCount "101"]

1. d4 d5 2. Nf3 Nc6 3. Bf4 Nf6 4. e3 Bf5 5. Bd3 Bxd3 6. Qxd3 e6 7. Nbd2 Bd6 8. Ne5 Bxe5 9. Bxe5 Nxe5 10. dxe5 Nd7 11. Qc3 O-O 12. O-O-O Qg5 13. Rdg1 Qxe5 14. Qb3 Nc5 15. Qb4 b6 16. Nf3 Na6 17. Qxf8+ Kxf8 18. Nxe5 f6 19. Nd3 e5 20. f4 e4 21. Nf2 Nb4 22. a3 Na2+ 23. Kb1 Rb8 24. Kxa2 c5 25. g4 b5 26. h4 b4 27. Rb1 a5 28. c3 b3+ 29. Ka1 d4 30. exd4 cxd4 31. Nxe4 dxc3 32. Nxc3 a4 33. Nxa4 Ra8 34. Nc5 Rc8 35. Rhc1 Rc6 36. Nd7+ Ke7 37. Rxc6 Kxd7 38. Rb6 Kc7 39. Rxb3 g5 40. a4 gxh4 41. a5 f5 42. gxf5 h5 43. f6 h3 44. Rxh3 h4 45. Rxh4 Kc6 46. f7 Kb5 47. Rh5+ Ka6 48. f8=Q Kb7 49. Qf6 Ka8 50. Rh8+ Ka7 51. Qb6# 1-0

[Event "Junior Online 4NCL Division 4"]
[Site "online"]
[Date "2021.10.14"]
[EventDate "2021.10.14"]
[Round "5.272"]
[White "Simmons, Keaton"]
[WhiteElo "925"]
[WhiteTeam "Edgware Gambits I"]
[Black "Teh, Andrew"]
[BlackElo "980"]
[BlackTeam "Leeds Juniors 5"]
[Result "1-0"]
[PlyCount "77"]

1. e4 e6 2. Nc3 d5 3. exd5 exd5 4. d4 Nf6 5. Nf3 Bd6 6. Bg5 Qe7+ 7. Qe2 Qxe2+ 8. Bxe2 Be6 9. Bd3 Ne4 10. Nxe4 dxe4 11. Bxe4 Nc6 12. O-O-O Be7 13. d5 Bg4 14. dxc6 Bxg5+ 15. Nxg5 Bxd1 16. Rxd1 O-O 17. cxb7 Rab8 18. Nxh7 Kh8 19. Nxf8 Kg8 20. Nd7 Rxb7 21. Bxb7 Kh7 22. Rd5 f6 23. f4 Kh6 24. g4 g5 25. fxg5+ fxg5 26. Nf6 Kg6 27. Nh5 Kh6 28. h4 c6 29. hxg5+ Kg6 30. Bxc6 Kf7 31. Rf5+ Kg6 32. Be8+ Kh7 33. g6+ Kh6 34. c4 a5 35. g7 a4 36. g8=Q a3 37. Qg5+ Kh7 38. Rf7+ Kh8 39. Qg7# 1-0

[Event "Junior Online 4NCL Division 4"]
[Site "online"]
[Date "2021.10.14"]
[EventDate "2021.10.14"]
[Round "5.273"]
[White "Caden, Eleanor"]
[WhiteElo "979"]
[WhiteTeam "Leeds Juniors 5"]
[Black "Kaul-Green, Axel"]
[BlackElo "800"]
[BlackTeam "Edgware Gambits I"]
[Result "0-1"]
[PlyCount "126"]

1. d4 d5 2. Bf4 Nf6 3. e3 Bg4 4. Nf3 Bxf3 5. Qxf3 Ne4 6. Bd3 Nc6 7. c3 e6 8. Bxe4 dxe4 9. Qxe4 Bd6 10. Bxd6 cxd6 11. d5 Ne7 12. dxe6 fxe6 13. Qxe6 Rc8 14. Na3 Rc6 15. Rd1 d5 16. Qe5 O-O 17. Nb5 Rf5 18. Qg3 a6 19. Nd4 Rg6 20. Qh4 Rfg5 21. Nf3 Rg4 22. Qh3 Rxg2 23. Nh4 Rg1+ 24. Rxg1 Rxg1+ 25. Ke2 Rxd1 26. Kxd1 Qe8 27. Qe6+ Kf8 28. e4 Qh5+ 29. Nf3 Qxf3+ 30. Kc2 Qxf2+ 31. Kb3 Qxh2 32. exd5 Qh4 33. d6 Ng6 34. d7 Qe7 35. Qf5+ Kg8 36. c4 a5 37. c5 Nf8 38. c6 bxc6 39. Kc4 Nxd7 40. Kd4 g6 41. Qf4 g5 42. Qg3 h5 43. Qh3 g4 44. Qxh5 Qg7+ 45. Ke3 g3 46. Kf3 g2 47. Qe8+ Kh7 48. Qe4+ Kh6 49. Qxc6+ Kh7 50. Qe4+ Kg8 51. Qd5+ Kh8 52. Qa8+ Kh7 53. Qe4+ Kh8 54. Qh4+ Kg8 55. Qc4+ Kf8 56. Qf4+ Ke7 57. Kf2 g1=Q+ 58. Ke2 Q1g2+ 59. Qf2 Qxb2+ 60. Ke3 Qgxf2+ 61. Ke4 Qb4+ 62. Kd5 Qf5+ 63. Kc6 Qb6# 0-1

[Event "Junior Online 4NCL Division 4"]
[Site "online"]
[Date "2021.10.14"]
[EventDate "2021.10.14"]
[Round "5.274"]
[White "Magnus, Michael"]
[WhiteElo "800"]
[WhiteTeam "Edgware Gambits I"]
[Black "RoyChowdhury, Aashita"]
[BlackElo "860"]
[BlackTeam "Leeds Juniors 5"]
[Result "0-1"]
[PlyCount "62"]

1. e4 c6 2. Nf3 d5 3. exd5 cxd5 4. Bb5+ Nc6 5. Ba4 Bg4 6. O-O Nf6 7. h3 Bf5 8. Bxc6+ bxc6 9. Nd4 Bd7 10. Nc3 e5 11. Re1 Bd6 12. d3 O-O 13. Bg5 exd4 14. Bxf6 Qxf6 15. Ne2 Rfe8 16. Ng3 Rxe1+ 17. Qxe1 Bxg3 18. fxg3 Rb8 19. Rb1 Qe6 20. Qf1 Qe3+ 21. Kh2 g6 22. Re1 Qh6 23. Re7 Be6 24. Rxa7 Rxb2 25. Ra8+ Kg7 26. a4 Rxc2 27. Rb8 Qxh3+ 28. Kg1 Qxg3 29. a5 Bh3 30. a6 Rxg2+ 31. Kh1 Rh2# 0-1

[Event "Junior Online 4NCL Division 4"]
[Site "online"]
[Date "2021.10.14"]
[EventDate "2021.10.14"]
[Round "5.275"]
[White "Lewis, Tom"]
[WhiteElo "900"]
[WhiteTeam "Edgware Gambits I"]
[Black "Mupfiga, Thabiso"]
[BlackElo "1100"]
[BlackTeam "Leeds Juniors 5"]
[Result "0-1"]
[PlyCount "86"]

1. e4 c6 2. Nc3 d5 3. exd5 cxd5 4. d4 Bf5 5. Bb5+ Nc6 6. Qh5 e6 7. g4 Bg6 8. Qe5 Qd7 9. Bxc6 Qxc6 10. Nf3 Bd6 11. Qxg7 O-O-O 12. Qxh8 f6 13. Qg7 Bb4 14. Bd2 Bxc3 15. bxc3 Be4 16. Rb1 Bxf3 17. Rxb7 Qxb7 18. Qxb7+ Kxb7 19. O-O Bxg4 20. Rb1+ Kc7 21. Bf4+ Kc6 22. Kg2 Bf5 23. a4 Bxc2 24. Rd1 Bxd1 25. a5 Ne7 26. Bd2 Rg8+ 27. Kf1 Bb3 28. Bc1 Bc4+ 29. Ke1 Rg1+ 30. Kd2 Rg2 31. Ba3 Nf5 32. a6 Bxa6 33. c4 dxc4 34. d5+ exd5 35. Bc5 Kxc5 36. Ke2 c3+ 37. Kf3 Rxh2 38. Kg4 Ne7 39. Kg3 c2 40. Kf3 c1=Q 41. Kg3 Qg1+ 42. Kf3 Qxf2+ 43. Kg4 Rh4# 0-1

[Event "Junior Online 4NCL Division 4"]
[Site "online"]
[Date "2021.10.14"]
[EventDate "2021.10.14"]
[Round "5.276"]
[White "Teh, Andrew"]
[WhiteElo "980"]
[WhiteTeam "Leeds Juniors 5"]
[Black "Simmons, Keaton"]
[BlackElo "925"]
[BlackTeam "Edgware Gambits I"]
[Result "1-0"]
[PlyCount "75"]

1. d4 d5 2. c4 e6 3. cxd5 exd5 4. Nc3 Bf5 5. Bf4 Nf6 6. e3 Nc6 7. Bd3 Bxd3 8. Qxd3 Bb4 9. Qd2 O-O 10. O-O-O Ne4 11. Qc2 Nxf2 12. Qxf2 Bxc3 13. bxc3 g5 14. Be5 Nxe5 15. dxe5 Qe7 16. Qf6 Qxf6 17. exf6 Rae8 18. Re1 h5 19. h4 g4 20. g3 c5 21. Rh2 b5 22. Rd2 Rd8 23. e4 Rfe8 24. a3 c4 25. Kd1 a5 26. exd5 Rxe1+ 27. Kxe1 Re8+ 28. Ne2 a4 29. Rb2 Kf8 30. Rxb5 Re3 31. Rb4 Rd3 32. Rxa4 Rxd5 33. Rxc4 Rb5 34. Kd2 Rb3 35. Ra4 Rb2+ 36. Kd3 Rb3 37. Ra8+ Rb8 38. Rxb8# 1-0

[Event "Junior Online 4NCL Division 4"]
[Site "online"]
[Date "2021.10.14"]
[EventDate "2021.10.14"]
[Round "5.277"]
[White "Kaul-Green, Axel"]
[WhiteElo "800"]
[WhiteTeam "Edgware Gambits I"]
[Black "Caden, Eleanor"]
[BlackElo "979"]
[BlackTeam "Leeds Juniors 5"]
[Result "1-0"]
[PlyCount "55"]

1. e4 c6 2. Nf3 d5 3. exd5 cxd5 4. Nc3 Bf5 5. Bb5+ Nc6 6. Bxc6+ bxc6 7. O-O e6 8. d4 Bd6 9. Be3 Nf6 10. Bg5 O-O 11. Bxf6 Qxf6 12. h3 Qg6 13. Rc1 Be7 14. Nh4 Bxh4 15. Qf3 c5 16. dxc5 e5 17. Qxd5 Bxh3 18. g3 Bxf1 19. Kxf1 Bg5 20. Rd1 Qxc2 21. Qxe5 Bf6 22. Qe3 Bxc3 23. Qf3 Rad8 24. Rxd8 Rxd8 25. bxc3 Qc1+ 26. Kg2 Qe1 27. Qg4 Rd1 28. Qc8+ 1-0

[Event "Junior Online 4NCL Division 4"]
[Site "online"]
[Date "2021.10.14"]
[EventDate "2021.10.14"]
[Round "5.278"]
[White "RoyChowdhury, Aashita"]
[WhiteElo "860"]
[WhiteTeam "Leeds Juniors 5"]
[Black "Magnus, Michael"]
[BlackElo "800"]
[BlackTeam "Edgware Gambits I"]
[Result "1-0"]
[PlyCount "39"]

1. d4 d5 2. Nf3 Nc6 3. Bf4 Bf5 4. e3 Nb4 5. Na3 Bg4 6. c3 Bxf3 7. Qxf3 Nd3+ 8. Bxd3 Nf6 9. O-O e6 10. Rad1 Bxa3 11. bxa3 O-O 12. Rb1 Ne4 13. Bxe4 dxe4 14. Qxe4 c6 15. Rxb7 Qa5 16. Qxc6 Rfc8 17. Qd7 Rf8 18. Bd6 Rfd8 19. Qxf7+ Kh8 20. Qxg7# 1-0

[Event "Junior Online 4NCL Division 4"]
[Site "online"]
[Date "2021.10.28"]
[EventDate "2021.10.28"]
[Round "6.11"]
[White "Srinivasan, Raghav"]
[WhiteElo "1271"]
[WhiteTeam "Chess Challengers B"]
[Black "Sethi, Siddharth"]
[BlackElo "1232"]
[BlackTeam "Chess Challengers D"]
[Result "1-0"]
[PlyCount "129"]

1. e4 c6 2. Nf3 d5 3. exd5 cxd5 4. d4 Nf6 5. Nc3 Nc6 6. Bf4 Bg4 7. Be2 Qb6 8. Bb5 a6 9. Bxc6+ Qxc6 10. h3 Bf5 11. Qd2 g6 12. g4 Be4 13. Nxe4 Nxe4 14. Qd3 Qb6 15. b3 Bg7 16. Be3 Qb4+ 17. Nd2 Nxd2 18. Qxd2 Qxd2+ 19. Kxd2 O-O 20. Rae1 Rac8 21. Rc1 Rc7 22. c3 Rfc8 23. Rc2 f6 24. Rhc1 e5 25. f4 Kf7 26. fxe5 fxe5 27. dxe5 Bxe5 28. Bd4 Bf4+ 29. Be3 Be5 30. Bd4 Bxd4 31. cxd4 Rxc2+ 32. Rxc2 Rxc2+ 33. Kxc2 Ke6 34. h4 Kf6 35. Kd3 h5 36. Ke3 hxg4 37. Kf4 b5 38. Kxg4 b4 39. Kf4 a5 40. Kg4 Kg7 41. Kg5 Kh7 42. h5 gxh5 43. Kxh5 Kg7 44. Kg5 Kf7 45. Kf5 Ke7 46. Ke5 Kd7 47. Kxd5 Kc7 48. Kc5 Kd7 49. d5 Kc7 50. Kb5 Kd6 51. Kxa5 Kxd5 52. Kxb4 Kc6 53. Kc4 Kb7 54. Kc5 Ka6 55. b4 Ka7 56. Kc6 Kb8 57. a4 Ka7 58. b5 Kb8 59. a5 Ka7 60. Kc7 Ka8 61. a6 Ka7 62. b6+ Ka8 63. b7+ Ka7 64. b8=Q+ Kxa6 65. Qb6# 1-0

[Event "Junior Online 4NCL Division 4"]
[Site "online"]
[Date "2021.10.28"]
[EventDate "2021.10.28"]
[Round "6.12"]
[White "Aggarwal, Kian"]
[WhiteElo "1288"]
[WhiteTeam "Chess Challengers D"]
[Black "Sridharan, Rithvik"]
[BlackElo "1316"]
[BlackTeam "Chess Challengers B"]
[Result "0-1"]
[PlyCount "136"]

1. e4 e5 2. Nf3 Nf6 3. Nxe5 Nc6 4. Nxc6 dxc6 5. Nc3 Bc5 6. Bc4 Qd4 7. Qe2 O-O 8. d3 Bb4 9. Bd2 b5 10. Bb3 a5 11. a3 Bc5 12. O-O Bg4 13. Be3 Bxe2 14. Bxd4 Bxd4 15. Nxe2 Bxb2 16. Ra2 Be5 17. d4 Bd6 18. e5 a4 19. exd6 axb3 20. cxb3 cxd6 21. Rc1 Rfc8 22. a4 bxa4 23. Rxa4 Rxa4 24. bxa4 c5 25. Nf4 g5 26. Nd3 Ne4 27. f3 Nd2 28. dxc5 dxc5 29. Rxc5 Rxc5 30. Nxc5 Nc4 31. Kf2 f5 32. Ke2 Kf7 33. Kd3 Na5 34. Kc3 Ke7 35. Kb4 Nc6+ 36. Kb5 Kd6 37. a5 Nxa5 38. Na4 Nb3 39. Nc3 Nd4+ 40. Kc4 Ne6 41. Nb5+ Ke7 42. g3 Kf6 43. Kd5 h5 44. h3 Ng7 45. g4 fxg4 46. hxg4 h4 47. Nd4 h3 48. Ne2 Ne6 49. Ng3 Nc5 50. Kxc5 Ke5 51. Ne4 h2 52. Nf2 Kf4 53. Kd4 Kxf3 54. Nh1 Kg2 55. Ke4 Kxh1 56. Kf5 Kg2 57. Kxg5 h1=Q 58. Kf5 Kg3 59. g5 Qh5 60. Kf6 Qh8+ 61. Kf7 Kg4 62. g6 Kf5 63. g7 Qh5+ 64. Kf8 Qh6 65. Kf7 Qg6+ 66. Kf8 Qf6+ 67. Kg8 Kg6 68. Kh8 Qxg7# 0-1

[Event "Junior Online 4NCL Division 4"]
[Site "online"]
[Date "2021.10.28"]
[EventDate "2021.10.28"]
[Round "6.13"]
[White "Sharavana, Harshith"]
[WhiteElo "1236"]
[WhiteTeam "Chess Challengers B"]
[Black "Bhaskaran, Adithya"]
[BlackElo "1200"]
[BlackTeam "Chess Challengers D"]
[Result "1-0"]
[PlyCount "85"]

1. e4 e5 2. Nf3 Nc6 3. Bc4 Nf6 4. Ng5 h6 5. Nxf7 Qe7 6. Nxh8 Nxe4 7. Qh5+ Kd8 8. Nf7+ Ke8 9. Nxe5+ Kd8 10. Nxc6+ dxc6 11. Qf3 Ng5+ 12. Qe3 Be6 13. Qd4+ Bd7+ 14. Be2 c5 15. Qd3 Kc8 16. O-O a6 17. Nc3 Bc6 18. Qf5+ Kb8 19. d3 Bd7 20. Qd5 Bc6 21. Qb3 Nf7 22. Nd5 Qxe2 23. Nf4 Qe7 24. Ng6 Qf6 25. Nxf8 Ka7 26. Be3 b6 27. a4 Rxf8 28. a5 Qg6 29. f3 Nd6 30. axb6+ cxb6 31. Qa3 a5 32. d4 c4 33. d5 Bxd5 34. Qxa5+ Kb8 35. Qxb6+ Bb7 36. Ra7 Rf7 37. Qd8+ Nc8 38. Ra5 Bxf3 39. Rxf3 Kb7 40. Rxf7+ Qxf7 41. Rb5+ Nb6 42. Rxb6+ Ka7 43. Qb8# 1-0

[Event "Junior Online 4NCL Division 4"]
[Site "online"]
[Date "2021.10.28"]
[EventDate "2021.10.28"]
[Round "6.14"]
[White "Patel, Ananya"]
[WhiteElo "1104"]
[WhiteTeam "Chess Challengers D"]
[Black "Bhatia, Jai"]
[BlackElo "1233"]
[BlackTeam "Chess Challengers B"]
[Result "1-0"]
[PlyCount "73"]

1. e4 e5 2. Nc3 Nc6 3. f4 d5 4. exd5 exf4 5. dxc6 Qh4+ 6. Ke2 Bg4+ 7. Nf3 Qe7+ 8. Kf2 Qh4+ 9. Nxh4 Bxd1 10. Nxd1 Bc5+ 11. Ke1 bxc6 12. Bc4 Rb8 13. Nc3 Be7 14. Nf3 Nf6 15. d4 c5 16. d5 Rb4 17. Bb3 Ne4 18. Nxe4 Rxe4+ 19. Kf2 O-O 20. Bd2 Re8 21. Rae1 Rxe1 22. Rxe1 Kf8 23. Bxf4 Rb8 24. Bxc7 Rb7 25. Bf4 Rb6 26. Ne5 Rb7 27. Nc6 Bh4+ 28. g3 Be7 29. Nxe7 Rxe7 30. Bd6 g6 31. Bxe7+ Kg7 32. d6 f6 33. d7 Kh6 34. d8=Q Kh5 35. g4+ Kg5 36. Qd5+ Kh6 37. Bf8# 1-0

[Event "Junior Online 4NCL Division 4"]
[Site "online"]
[Date "2021.10.28"]
[EventDate "2021.10.28"]
[Round "6.15"]
[White "Sethi, Siddharth"]
[WhiteElo "1232"]
[WhiteTeam "Chess Challengers D"]
[Black "Srinivasan, Raghav"]
[BlackElo "1271"]
[BlackTeam "Chess Challengers B"]
[Result "1-0"]
[PlyCount "151"]

1. e4 d5 2. exd5 Qxd5 3. Nc3 Qd8 4. Bc4 Nc6 5. Nf3 Bf5 6. d3 e6 7. Bf4 Nf6 8. Nb5 Bd6 9. Bg3 Bxg3 10. fxg3 a6 11. Nc3 O-O 12. O-O Nd4 13. Bb3 Nxf3+ 14. Qxf3 c6 15. Rae1 Qb6+ 16. Kh1 Rad8 17. Qf4 Nd5 18. Nxd5 cxd5 19. Rb1 Qd6 20. Qxd6 Rxd6 21. Rbe1 Rc8 22. a3 h6 23. Rf2 Rdc6 24. Ref1 Bg6 25. h3 b5 26. a4 bxa4 27. Bxa4 R6c7 28. Rf3 Rb8 29. Bb3 Rcb7 30. h4 a5 31. g4 h5 32. g5 a4 33. Bxa4 Rxb2 34. R3f2 R2b4 35. Bb3 Rxh4+ 36. Kg1 Rhb4 37. Rf3 R8b7 38. Ra1 Rb8 39. Ra7 R4b7 40. Ra1 Rb4 41. Rg3 Rg4 42. Rxg4 hxg4 43. Ra4 Bxd3 44. Rxg4 Bf5 45. Rg3 g6 46. Kf2 Ra8 47. Rc3 Kg7 48. Rc7 Rh8 49. Kg3 Rh5 50. Kf4 Rh4+ 51. Kg3 Rg4+ 52. Kf3 Rxg5 53. c4 dxc4 54. Bxc4 Rh5 55. g4 Bxg4+ 56. Kxg4 Kf6 57. Rc6 Rg5+ 58. Kf4 Rf5+ 59. Ke4 Re5+ 60. Kd4 Rh5 61. Ke3 Re5+ 62. Kf3 Rf5+ 63. Kg4 Rg5+ 64. Kh4 Kf5 65. Rc5+ Kf6 66. Rxg5 Kg7 67. Kg4 Kh6 68. Ra5 f5+ 69. Kh4 g5+ 70. Kg3 Kh5 71. Bxe6 f4+ 72. Kf3 Kh4 73. Ra1 g4+ 74. Bxg4 Kg5 75. Ra5+ Kh4 76. Bh3 1-0

[Event "Junior Online 4NCL Division 4"]
[Site "online"]
[Date "2021.10.28"]
[EventDate "2021.10.28"]
[Round "6.16"]
[White "Sridharan, Rithvik"]
[WhiteElo "1316"]
[WhiteTeam "Chess Challengers B"]
[Black "Aggarwal, Kian"]
[BlackElo "1288"]
[BlackTeam "Chess Challengers D"]
[Result "0-1"]
[PlyCount "41"]

1. e4 e5 2. Nf3 Nc6 3. Nc3 Nf6 4. Bc4 Bc5 5. d3 O-O 6. Bg5 h6 7. Be3 d6 8. Bxc5 dxc5 9. O-O Be6 10. Bxe6 fxe6 11. Qd2 Qd6 12. Rfd1 Nd4 13. Nxd4 exd4 14. Nb5 Qe5 15. f4 Qh5 16. Nxc7 Rac8 17. Nxe6 Rf7 18. Qa5 Ng4 19. h3 Ne3 20. Rdc1 Qe2 21. Qd2 0-1

[Event "Junior Online 4NCL Division 4"]
[Site "online"]
[Date "2021.10.28"]
[EventDate "2021.10.28"]
[Round "6.17"]
[White "Bhaskaran, Adithya"]
[WhiteElo "1200"]
[WhiteTeam "Chess Challengers D"]
[Black "Sharavana, Harshith"]
[BlackElo "1236"]
[BlackTeam "Chess Challengers B"]
[Result "0-1"]
[PlyCount "49"]

1. d4 e5 2. dxe5 Bc5 3. Nf3 d6 4. exd6 Ne7 5. dxe7 Bxf2+ 6. Kxf2 Qxd1 7. Nc3 Qd6 8. e3 Qxe7 9. Bc4 O-O 10. Rd1 Nc6 11. h3 Ne5 12. Nxe5 Qxe5 13. Kg1 Bf5 14. e4 Be6 15. Bxe6 fxe6 16. Rd7 Qc5+ 17. Kh2 c6 18. Rxb7 Qd6+ 19. Kg1 Qd4+ 20. Kh2 Qe5+ 21. Kg1 Qg3 22. Nd1 Qe1+ 23. Kh2 Qxd1 24. b3 Qd6+ 25. g3 0-1

[Event "Junior Online 4NCL Division 4"]
[Site "online"]
[Date "2021.10.28"]
[EventDate "2021.10.28"]
[Round "6.18"]
[White "Bhatia, Jai"]
[WhiteElo "1233"]
[WhiteTeam "Chess Challengers B"]
[Black "Patel, Ananya"]
[BlackElo "1104"]
[BlackTeam "Chess Challengers D"]
[Result "1-0"]
[PlyCount "33"]

1. e4 c6 2. Nc3 d5 3. Bd3 e6 4. Qf3 Nf6 5. g4 h6 6. a3 Bd6 7. b4 O-O 8. Nh3 Nbd7 9. g5 Ne5 10. Qe2 Nfd7 11. gxh6 gxh6 12. Rg1+ Ng6 13. Qh5 Kh7 14. exd5 exd5 15. Bxg6+ fxg6 16. Qxg6+ Kh8 17. Qg7# 1-0

[Event "Junior Online 4NCL Division 4"]
[Site "online"]
[Date "2021.10.28"]
[EventDate "2021.10.28"]
[Round "6.21"]
[White "Lynn, Angelo"]
[WhiteElo "900"]
[WhiteTeam "Lenzie Dementors"]
[Black "Jayaprakash, Arnav"]
[BlackElo "1441"]
[BlackTeam "Wolfpack Juniors"]
[Result "1/2-1/2"]
[PlyCount "154"]

1. e4 e6 2. Nf3 d5 3. exd5 exd5 4. d4 Nc6 5. h3 Nf6 6. Nc3 Bb4 7. Bd2 O-O 8. Bd3 Re8+ 9. Be2 Bxc3 10. Bxc3 Ne4 11. O-O Nxc3 12. bxc3 Qf6 13. Re1 Qg6 14. Nh4 Qg5 15. Nf3 Qf6 16. Bb5 Bd7 17. Ne5 Nxe5 18. dxe5 Qe6 19. Rb1 c6 20. Bd3 b5 21. Qh5 h6 22. Qf3 Qe7 23. Qf4 Qc5 24. Rb3 a5 25. a4 bxa4 26. Qxa4 Be6 27. Rbb1 Qxc3 28. Re3 Qc5 29. Qf4 a4 30. Ra1 a3 31. Bf5 Bxf5 32. Qxf5 d4 33. Rf3 Re7 34. Qd3 Rxe5 35. Rxa3 Rxa3 36. Qxa3 Qxa3 37. Rxa3 Re1+ 38. Kh2 Re2 39. Ra8+ Kh7 40. Rd8 c5 41. Rd5 Rxc2 42. Kg3 Kg6 43. Kf3 f6 44. g3 Kf7 45. Rd7+ Kg6 46. Rd5 Kh7 47. h4 g5 48. h5 Rc3+ 49. Kg2 d3 50. Kf3 c4 51. Ke3 Kg7 52. g4 Kf7 53. Kd4 Rc2 54. Ke3 c3 55. Rxd3 Ke6 56. f3 Rd2 57. Rxc3 Rd5 58. Rc6+ Rd6 59. Rc5 Rd5 60. Rc4 Re5+ 61. Re4 f5 62. gxf5+ Kxf5 63. Rxe5+ Kxe5 64. Kf2 Kf4 65. Kg2 g4 66. fxg4 Kxg4 67. Kg1 Kxh5 68. Kh1 Kg4 69. Kg1 h5 70. Kg2 h4 71. Kh2 h3 72. Kh1 Kg3 73. Kg1 Kf3 74. Kh2 Kg4 75. Kh1 Kg3 76. Kg1 h2+ 77. Kh1 Kh3 1/2-1/2

[Event "Junior Online 4NCL Division 4"]
[Site "online"]
[Date "2021.10.28"]
[EventDate "2021.10.28"]
[Round "6.22"]
[White "Reeves, Hollyann"]
[WhiteElo "1383"]
[WhiteTeam "Wolfpack Juniors"]
[Black "Banerjee, Supratit"]
[BlackElo "623"]
[BlackTeam "Lenzie Dementors"]
[Result "0-1"]
[PlyCount "56"]

1. e4 c5 2. Nc3 d6 3. Bb5+ Bd7 4. Bxd7+ Qxd7 5. Nf3 Nf6 6. d3 h6 7. O-O Nc6 8. Nd5 Nxd5 9. exd5 Ne5 10. Nxe5 dxe5 11. c4 O-O-O 12. Be3 e6 13. dxe6 fxe6 14. b4 Qxd3 15. Qxd3 Rxd3 16. bxc5 Be7 17. c6 b6 18. Rab1 Kc7 19. Rfd1 Rxd1+ 20. Rxd1 Kxc6 21. f4 exf4 22. Bxf4 Bc5+ 23. Kf1 Rf8 24. g3 e5 25. Rd5 exf4 26. gxf4 Rxf4+ 27. Ke2 Rxc4 28. Rd3 Rc2+ 0-1

[Event "Junior Online 4NCL Division 4"]
[Site "online"]
[Date "2021.10.28"]
[EventDate "2021.10.28"]
[Round "6.23"]
[White "Arya, Aadit"]
[WhiteElo "622"]
[WhiteTeam "Lenzie Dementors"]
[Black "Harris, Callum"]
[BlackElo "1383"]
[BlackTeam "Wolfpack Juniors"]
[Result "1/2-1/2"]
[PlyCount "141"]

1. e4 e5 2. Nf3 Nc6 3. Bc4 Bc5 4. c3 d6 5. d4 exd4 6. cxd4 Bb6 7. Ng5 Nh6 8. Be3 f6 9. Ne6 Bxe6 10. Bxe6 Qe7 11. d5 Bxe3 12. fxe3 Nd8 13. Qa4+ Kf8 14. O-O Nxe6 15. dxe6 Qxe6 16. Nc3 Ng4 17. h3 Nxe3 18. Rf3 Nc4 19. Nd5 Nxb2 20. Qc2 Rc8 21. Qxb2 Qxe4 22. Rxf6+ gxf6 23. Qxf6+ Ke8 24. Qxh8+ Kd7 25. Nf6+ Kc6 26. Rc1+ Kb6 27. Nd7+ Ka6 28. Qc3 Qa4 29. Qd3+ Ka5 30. Qd2+ Ka6 31. Qe2+ Ka5 32. Qe1+ Ka6 33. Qf1+ Ka5 34. Qf5+ Ka6 35. Nc5+ dxc5 36. Qxc8 Qd4+ 37. Kh1 Qd2 38. Qe6+ b6 39. Qc4+ Kb7 40. Qe4+ Ka6 41. Rc4 Qd1+ 42. Kh2 Qd6+ 43. g3 Qd2+ 44. Qg2 Qd3 45. Ra4+ Kb5 46. Rxa7 Qd6 47. a4+ Kb4 48. Qb2+ Kc4 49. Qb5+ Kc3 50. Qe2 c4 51. a5 bxa5 52. Rxa5 Qd2 53. Qxd2+ Kxd2 54. Rc5 c3 55. Rxc7 c2 56. Rxc2+ Kxc2 57. g4 Kd3 58. Kg3 Ke4 59. h4 Ke5 60. Kf3 Kf6 61. Kf4 Kg6 62. h5+ Kh6 63. Kf5 Kg7 64. g5 h6 65. g6 Kg8 66. Kf6 Kh8 67. Kf5 Kg7 68. Ke6 Kh8 69. Kf6 Kg8 70. g7 Kh7 71. Kf7 1/2-1/2